<?xml version="1.0" encoding="UTF-8"?>
<marc:record xmlns:marc="http://www.loc.gov/MARC21/slim">
   <marc:leader>00000nam a2200000 a 4500</marc:leader>
   <marc:datafield ind1="1" ind2=" " tag="100">
      <marc:subfield code="a">Makarevych, Myroslava</marc:subfield>
      <marc:subfield code="4">aut</marc:subfield>
      <marc:subfield code="e">Verfasser/-in</marc:subfield>
   </marc:datafield>
   <marc:datafield ind1="0" ind2="0" tag="245">
      <marc:subfield code="a">A Tale of Chestnut and Rowan</marc:subfield>
   </marc:datafield>
   <marc:datafield ind1="0" ind2="0" tag="245">
      <marc:subfield code="c">Myroslava Makarevych</marc:subfield>
   </marc:datafield>
   <marc:datafield ind1=" " ind2="1" tag="264">
      <marc:subfield code="a">Kiev</marc:subfield>
      <marc:subfield code="b">Publishing center &lt;12&gt;</marc:subfield>
      <marc:subfield code="c">2014</marc:subfield>
   </marc:datafield>
   <marc:datafield ind1="1" ind2=" " tag="520">
      <marc:subfield code="a">"The Tale of Chestnut and Rowan is a declaration of love to nature! It is an expression of gratitude to those noble green living things, small and big, centuries-old and young trees without which we humans cannot live! This is a declaration of love to the hometown - one of the most beautiful cities in the world, which despite all attempts to destroy it, majestically stands on the banks of the Dnieper river. And its domes will always shine, and green hills will always pleasure our sight."&lt;br/&gt;Myroslava Makarevych, author&lt;br/&gt;&lt;br/&gt;"This book belongs to St. Martin library readers of all ages with kind regards from author, M. May &lt;br/&gt;June14, 2022"</marc:subfield>
   </marc:datafield>
   <marc:datafield ind1=" " ind2=" " tag="020">
      <marc:subfield code="a">9789669730459</marc:subfield>
      <marc:subfield code="9">9789669730459</marc:subfield>
   </marc:datafield>
   <marc:datafield ind1=" " ind2=" " tag="041">
      <marc:subfield code="a">eng</marc:subfield>
   </marc:datafield>
   <marc:datafield ind1=" " ind2=" " tag="300">
      <marc:subfield code="b">Drawings by Elena Lykova.</marc:subfield>
   </marc:datafield>
   <marc:datafield ind1="1" ind2=" " tag="521">
      <marc:subfield code="a">0</marc:subfield>
   </marc:datafield>
   <marc:datafield ind1=" " ind2=" " tag="300">
      <marc:subfield code="a">[18] Seiten</marc:subfield>
   </marc:datafield>
</marc:record>
